La sagrada familia : (Record no. 10964)

000 -CABECERA
fixed length control field 00931nam a22002177a 4500
003 - IDENTIFICADOR DEL NÚMERO DE CONTROL
control field AR-CdUCM
008 - DATOS DE LONGITUD FIJA--INFORMACIÓN GENERAL
fixed length control field 190402b ||||| |||| 00| 0 spa d
040 ## - FUENTE DE LA CATALOGACIÓN
Agencia/entidad que catalogó originalmente la obra MUNICIPALIDAD PROVINCIAL DEL CUSCO
Entidad que transcribió la catalogación BIBLIOTECA MUNICIPAL DEL CUSCO
082 ## - NÚMERO DE LA CLASIFICACIÓN DECIMAL DEWEY
No. de Clasificación 193 /
Notacion interna M26 / 1959
100 ## - ENTRADA PRINCIPAL--NOMBRE DE PERSONA
Nombre Personal Marx, Carlos y Engels, Federico
245 ## - MENCIÓN DE TÍTULO
Título La sagrada familia :
Resto del título Y otros escritos filosóficos de la primera época /
260 ## - PUBLICACIÓN, DISTRIBUCIÓN, ETC.
Lugar de publicación, distribución, etc. México :
Nombre de la editorial, distribuidor, etc. Grijalbo,
Fecha de publicación, distribución, etc. 1959.
300 ## - DESCRIPCIÓN FÍSICA
Nº de Páginas Extensión 308 paginas ;
Dimensiones 21 cm .
505 ## - NOTA DE CONTENIDO CON FORMATO
Nota de contenido formateada Contenido : Carlos Marx : En torno a la critica de la filosofía del derecho, de Hegel, y otros ensayos -- Carlos Marx : Sobre la cuestión judía -- Carlos Marx : Critica de la dialéctica y la filosofía hegeliana en general ...
650 ## - PUNTO DE ACCESO ADICIONAL DE MATERIA--TÉRMINO DE MATERIA
Descriptor Carlos Marx
9 (RLIN) 5700
650 ## - PUNTO DE ACCESO ADICIONAL DE MATERIA--TÉRMINO DE MATERIA
Descriptor Federico Engels
9 (RLIN) 5701
650 ## - PUNTO DE ACCESO ADICIONAL DE MATERIA--TÉRMINO DE MATERIA
Descriptor Filosofía
9 (RLIN) 395
700 ## - PUNTO DE ACCESO ADICIONAL--NOMBRE DE PERSONA
Nombre Personal Roces, Wenceslao ( Traductor)
9 (RLIN) 3529
942 ## - ELEMENTOS DE PUNTO DE ACCESO ADICIONAL (KOHA)
Fuente de clasificación
Tipo de item Libros-BMC
945 ## - PROCESAMIENTO DE INFORMACIÓN LOCAL (OCLC)
Catalogador rah
Holdings
Estado de retiro (separado) Fuente de clasificación o esquema de estanterías Estado dañado Ubicación Sala donde se ubica Nombre de la colección Fecha de adquisición o compra Costo, precio normal en soles Signatura topográfica Código de Barras Última vez visto (Koha) Tipo de ítem (Koha)
No     Sala Cusco Antiguo Sala Cusco Antiguo Book Cart 2019-04-02 20.00 193 / M26 / 1959 SCA0000993 2019-04-02 Libros-BMC

Powered by Koha